Jelképezze ez a szobor Szeged népének hűségét, ragaszkodását Lenin és Sztalin tanításaihoz a Szovjetunió és a többi baráti államok küldötteinek jelenlétében, a dolgozók lelkesen ünneplő tömege vett részt a szegedi Lenin-Sztálin-szobor felavatásán

Elmentve itt :
Bibliográfiai részletek
Dokumentumtípus: Cikk
Megjelent: 1950-12-30
Sorozat:Délmagyarország
Kulcsszavak:Zombori János, Révai József, Dénes Leó, Tápai Antal, Koós Olga, Lődi Ferenc, Szoboravatás Szeged 1950
Online Access:http://dmarchiv.bibl.u-szeged.hu/52402
LEADER 00732nab a2200145 i 4500
001 delm52402
005 20180927141939.0
008 180927s1950 hu o 0|| hun d
040 |a SZTE Délmagyarország Archívum  |b hun 
041 |a hun 
245 0 0 |a Jelképezze ez a szobor Szeged népének hűségét, ragaszkodását Lenin és Sztalin tanításaihoz   |h [elektronikus dokumentum] :  |b a Szovjetunió és a többi baráti államok küldötteinek jelenlétében, a dolgozók lelkesen ünneplő tömege vett részt a szegedi Lenin-Sztálin-szobor felavatásán 
260 |c 1950-12-30 
300 |a 1 
490 0 |a Délmagyarország 
695 |a Zombori János, Révai József, Dénes Leó, Tápai Antal, Koós Olga, Lődi Ferenc, Szoboravatás Szeged 1950